Loading...
| History - Other | 2 | 5 | 1 | 1 | 75 | 62 | 103.29 | 1 | 3 | 0.00 | 0.00 |
| History - World | 2 | 4 | 0 | 2 | 70 | 71 | 117.50 | 0 | 5 | 0.00 | 0.00 |
| History - US | 2 | 3 | 3 | 0 | 45 | 20 | 82.40 | 1 | 4 | 0.00 | 0.00 |
| Modern World | 1 | 1 | 0 | 0 | 25 | 66 | 77.00 | 2 | 2 | 0.00 | 0.00 |
| Other Academic | 1 | 0 | 0 | 0 | 15 | 14 | 14.00 | 1 | 1 | 0.00 | 0.00 |
| History - European | 0 | 3 | 3 | 1 | 15 | 91 | 114.00 | 0 | 2 | 0.00 | 0.00 |
| Beliefs | 0 | 2 | 1 | 0 | 15 | 93 | 111.00 | 0 | 2 | 0.00 | 0.00 |
| Literature - British | 0 | 1 | 0 | 1 | 10 | 154 | 154.00 | 0 | 0 | 0.00 | 0.00 |
| Literature - American | 0 | 1 | 0 | 0 | 10 | 85 | 85.00 | 1 | 1 | 0.00 | 0.00 |
| Geography | 0 | 0 | 1 | 0 | -5 | 0.00 | 0 | 0 | 0.00 | 0.00 |